| 000 | 00713nam a2200217Ia 4500 | ||
|---|---|---|---|
| 003 | IN-BaIIA | ||
| 008 | 211028s9999 xx 000 0 eng d | ||
| 020 | _a90-277-2763-5 | ||
| 040 | _cIIA Library | ||
| 080 |
_a52(082.1) _bASS-147 |
||
| 245 | 0 |
_aMillimetre and submillimetre astronomy _cedited by R. D. Wolstencroft and W. B. Burton |
|
| 260 |
_aDordrecht _bKluwer Academic _c1988 |
||
| 300 | _axi, 391p. | ||
| 490 | _aAstrophysics and space science library; v. 147 | ||
| 650 | _aAstronomy and astrophysics thesaurus | ||
| 650 |
_aMillimeter astronomy _92848 |
||
| 650 |
_aSubmillimeter astronomy _92850 |
||
| 700 |
_aBurton, W. B., ed. _911175 |
||
| 700 |
_aWolstencroft, R. D., ed. _913444 |
||
| 942 | _cBK | ||
| 999 |
_c9353 _d9353 |
||